Coping Power (Record n. 209920)

Dettagli MARC
000 -LEADER
fixed length control field 01220nam a2200229Ia 4500
001 - CONTROL NUMBER
control field b7061-51323
003 - CONTROL NUMBER IDENTIFIER
control field IT-MiCISF
008 - FIXED-LENGTH DATA ELEMENTS--GENERAL INFORMATION
fixed length control field 161014s9999||||xx |||||||||||||| ||und||
040 ## - CATALOGING SOURCE
Original cataloging agency IT-MiCISF
Transcribing agency IT-MiCISF
041 ## - LANGUAGE CODE
Language code of text/sound track or separate title it
999 ## - SYSTEM CONTROL NUMBERS (KOHA)
Koha Dewey Subclass [OBSOLETE] si
100 ## - MAIN ENTRY--PERSONAL NAME
Personal name Lochman John E.
245 #0 - TITLE STATEMENT
Title Coping Power
Remainder of title Programma per il controllo di rabbia e aggressività in bambini e adolescenti
250 ## - EDITION STATEMENT
Edition statement 1a ed.
260 ## - PUBLICATION, DISTRIBUTION, ETC. (IMPRINT)
Place of publication, distribution, etc. Trento
Name of publisher, distributor, etc. Erickson
Date of publication, distribution, etc. 2012
300 ## - PHYSICAL DESCRIPTION
Extent pp. 350
500 ## - GENERAL NOTE
General note contiene CD / disturbi-sviluppo, infanzia, adolescenza, genitorialità, stress, educazione, scuola, amicizia, comportamento, famiglia, bullismo, case-studies, problemi-educazione, psicologia / Il libro prende il titolo di un programma completo di intervento e trattamento per la modulazione della rabbia e dell'impulsività in bambini e ragazzi, efficace nel ridurre in maniera significativa e stabile le condotte aggressive e i comportamenti a rischio. Si articola in un percorso per i figli e uno per i genitori, e può essere applicato in contesti clinici o di prevenzione.
650 ## - SUBJECT ADDED ENTRY--TOPICAL TERM
Topical term or geographic name as entry element Genitorialità e problemi educativi / età-evolutiva
Relator term 004
700 ## - ADDED ENTRY--PERSONAL NAME
Personal name Lenhart Lisa A.
700 ## - ADDED ENTRY--PERSONAL NAME
Personal name Wells Karen
942 ## - ADDED ENTRY ELEMENTS (KOHA)
Koha item type LIBRO
957 ## -
-- 1
999 ## - SYSTEM CONTROL NUMBERS (KOHA)
-- 1
Dati di copia
Withdrawn status Lost status Damaged status Not for loan Home library Current library Date acquired Total Checkouts Full call number Date last seen Price effective from Koha item type Public note
    Buone Condizioni Not For Loan CISF - Milano CISF - Milano 14/10/2016   b7061-51323 14/10/2016 14/10/2016 LIBRO Data import 15.10.2016 / by Epidotti, Vaglietti
CREDITS: SOCIETA' SAN PAOLO Via A.Severo, 58 - ROMA (RM) & PERIODICI SAN PAOLO SRL Via Giotto, 36 MILANO & CISF Via Giotto, 36 MILANO & EDIZIONI SAN PAOLO SRL,  Piazza Soncino, 5 CINISELLO BALSAMO (MI) -- ITALY